000
00310nam a22001457a 4500
020
_a
81-7478-631-7
082
_a
920
_b
VIN/H
100
_a
VINITA
245
_a
100 MINI SKETCHES OF THE GREAT
250
_a
2005
260
_a
CHENNAI
_b
SURA BOOKS
300
_a
90
650
_a
BIOGRAPHY
_z
CHENNAI
942
_c
BK
999
_c
6424
_d
6424